Stany USA z największą liczbą Polonii - Statystyki

Ogólne statystyki
  • Ten quiz został rozwiązany 426 razy
  • Średni wynik to 7 z 10
Statystyki odpowiedzi
L.p. Liczba Polonii Stan % Poprawnych
1. 1 007 597 Nowy Jork
93%
7. 515 633 Kalifornia
91%
8. 511 229 Floryda
81%
2. 979 781 Illinois
74%
9. 462 815 Ohio
66%
3. 900 446 Michigan
63%
4. 880 890 Pensylwania
63%
5. 565 484 New Jersey
56%
6. 538 208 (prawie 10% ludności tego stanu) Wisconsin
44%
10. 339 044 Massachusetts
40%
Nie znaleziono quizów pasujących do podanych kryteriów
Rozkład punktacji
Procent ludzi z każdym wynikiem
Percentyl według liczby udzielonych odpowiedzi
Twoja historia wyników
Nie rozwiązałeś tego quizu